000 00895na a2200253 4500
001 13032
003 MIRAKIL
005 20181213154908.0
008 161012b tu 000 0
035 _a13032
040 _aMilas
_btur
_cTR-AnCHP
041 _atur
082 _a346.0134
_bK22 2003
090 _a346.0134 K22 2003
130 _aKadınlara Karşı Her Türlü Ayrımcılığın Önlenmesi Sözleşmesi (CEDAW)
245 _aKadınlara karşı her türlü ayrımcılığın önlenmesi sözleşmesi ve ihtiyari protokol
_bMilletvekilleri için el kitabı
_cÇeviren Ayşe Sayın
246 _aMilletvekilleri için el kitabı
260 _aİsviçre
_bParlamentolararası Birlik
_c2003
300 _a125 s.
_btbl.
_c24 sm.
650 _aAyrımcılık
_xKadınlar
650 _aÖzel Hukuk
_xKadınlar
_yUluslararası sözleşmeler
700 _aSayın, Ayşe
942 _2ddc
_cBKS
999 _c2729
_d2729